| 000 | 00596nam a2200193 a 4500 | ||
|---|---|---|---|
| 005 | 20230217121232.0 | ||
| 008 | 020924s1974 mx r 000 0 spa d | ||
| 035 | _aUPN01000119584 | ||
| 049 | _aCG | ||
| 050 | 4 |
_aHN49 C6 _bT5.3 |
|
| 100 | 1 | _aTicona Yáñez, Víctor | |
| 245 | 1 | 0 |
_aAcción dinámica de promoción comunal / _cVíctor Ticona Yáñez. |
| 260 |
_aLa Paz, Bol. : _b[s.n.], _c1974. |
||
| 300 |
_a289 p. : _bil. |
||
| 500 | _a"Sociología práctica y aplicada" | ||
| 650 | 4 |
_aDesarrollo de la comunidad _zBolivia _99277 |
|
| 650 | 4 |
_aREHABILITACION RURAL - _zBOLIVIA |
|
| 905 | _aLibro | ||
| 999 |
_c91938 _d91938 |
||